To była dekada- Ważne wydarzenia 1950-1959 - Statystyki

Ogólne statystyki
  • Ten quiz został rozwiązany 28 razy
    22 od ostatniego zresetowania
  • Średni wynik to 14 z 20
Statystyki odpowiedzi
Rok Wydarzenie Odpowiedź % Poprawnych
1952 Ta królowa obejmuje tron Zjednoczonego Królestwa Wielkiej Brytanii i Irlandii. Elżbieta II
89%
1950 Ten kraj dokonuje inwazji na swojego południowego sąsiada rozpoczynając konflikt zbrojny w którym weźmie udział wielonarodowa koalicja państwa ONZ. Korea Północna
89%
1955 Ray Kroc po wykupieniu restauracji o tej nazwie od oryginalnych właścicieli, zamienia ją w największą globalną sieć restauracji fast food. Mc Donald's
89%
1953 Małżeństwo Rosenbergów zostaje skazane na karę śmierci w USA za szpiegostwo na rzecz tego kraju. Związek Radziecki
89%
1958 W tym kraju rozpoczyna się kampania gospodarcza o nazwie "Wielki skok naprzód". Chiny
84%
1956 W tym mieście dochodzi do pierwszego strajku generalnego w PRL jak i manifestacji przeciwko zwierzchnictwu ZSRR nad Polską. Poznań
84%
1955 Powstaje układ militarny krajów bloku komunistycznego o tej nazwie. Układ warszawski
84%
1959 Te wyspy wraz z Alaską oficjalnie stają się 49 i 50 stanem USA. Hawaje
79%
1957 Wystrzelenie sztucznej satelity o tej nazwie przez ZSRR rozpoczyna tzw. "wyścig kosmiczny". Sputnik 1
79%
1959 W tym kraju dochodzi do komunistycznej rewolucji i obalenia dotychczasowego rządu. Kuba
74%
1958 Ten radziecki polityk zostaje przewodniczącym Rady Ministrów ZSRR. Nikita Chruszczow
74%
1954 Dochodzi do podziału tego kraju na komunistyczną część północną i niekomunistyczną republikę południową. Wietnam
74%
1954 Pojawia się szczepionka na tą niebezpieczną dla dzieci chorobę zakaźną. Polio
63%
1953 Shach tego kraju zostaje przywrócony do władzy przy pomocy CIA w "Operacji Ajax" Iran
58%
1956 W tym kraju dochodzi do powstania przeciwko komunistycznemu rządowi, stłumione przez zbrojną interwencję ZSRR. Węgry
58%
1951 Wydana zostaje książka J.D. Salingera o tym tytule. Powieść początkowo budzi mocne kontrowersje ze względu na poruszane wątki seksualne oraz użycie wulgaryzmów. Obecnie powieść uznana za klasykę literatury. Buszujący w zbożu
47%
1952 Szóstka krajów europejskich powołują tą ponadnarodową organizację gospodarczą, której powstanie zapoczątkowało europejskie procesy integracyjne. Europejska wspólnota węgla i stali
47%
1957 W tym stanie w mieście Little Rock dochodzi do masowych protestów, gdy dziewięcioro czarnoskórych uczniów miało rozpocząć naukę w szkole wcześniej przeznaczonej jedynie dla białych obywateli USA. Arkansas
37%
1950 Po raz pierwszy pojawia się ten komiks, autorstwa Charlesa M. Schulza, bohaterami którego są Charlie Brown i jego pies Snoopy. Fistaszki
32%
1951 Ten generał, głównodowodzący sił zbrojnych USA z czasów drugiej wojny światowej zostaje odsunięty od służby przez prezydenta Trumana za forsowanie użycia broni atomowej przeciwko Chińskiej Republice Ludowej. Douglas MacArthur
21%
Nie znaleziono quizów pasujących do podanych kryteriów
Rozkład punktacji
Procent ludzi z każdym wynikiem
Percentyl według liczby udzielonych odpowiedzi
Twoja historia wyników
Nie rozwiązałeś tego quizu od ostatniego zresetowania